00813nam a2200217 i 4500001000300000245015900003260005200162300002100214500003700235504002900272650002400301700003100325700002000356020002300376020002900399040000800428041000800436080001200444008004100456856009800497bg00aEncyklopedia "białych plam".nT.11,pLegiony cudzoziemskie III Rzeszy - Masoneria /c[red. Mirosław Fijołek et al. ; aut. haseł Mariusz Affek et al.]. aRadom :bPolskie Wydaw. Encyklopedyczne,c2003. a320 s. ;c24 cm. aNa okł. i grzb. tyt. t.: Le-Ma. aBibliogr. przy hasłach. 9aEncyklopedia polska1 aFIJOŁEK, Mirosław.eRed.1 aAFFEK, Mariusz. a8388822616 (t. 11) a8391206807 (całość) cBPK0 apol a0/9(03) s pl f |000 0 pol  uhttp://koha.tu.koszalin.pl/cgi-bin/koha/opac-detail.pl?biblionumber=43540yKatalog online BPK